000 00573nam a2200205Ia 4500
005 20250508164653.0
008 008 250505s9999 xx 000 0 hin d
020 _a81-87524-83-9
037 _aTextual
040 _aFEDL
_beng
_cFEDL
041 _ahin
_2eng
084 _aB, GOR
_qFEDL
100 _aGorki Maxim
245 0 _aPile datye ka nagar: Mahan lekhak Maxim Gorki ki durlabh pustak ka anuvad
260 _aMeerut India
_bSamvad Prakashan
_c2008
300 _a110p.
365 _aINR
_b150
942 _cTEXL
_hB, GOR
999 _c1390454
_d1390454